000 00341nam a2200145Ia 4500
008 210210b2000 xxu||||| |||| 00| 0 eng d
020 _a81 7167 062 8
082 _a823.8 TOLA
100 _aTOLSTOY (Leo).
245 _aAnna Karenina.
260 _aND
_bRupa & Co.,
_c2000
300 _a783
690 _aEnglish Fiction
906 _a058475
999 _c105573
_d105573